| 000 | 00977cam a2200277 a 4500 | ||
|---|---|---|---|
| 001 | 4018928 | ||
| 003 | ARRUPE | ||
| 005 | 20140927020008.0 | ||
| 008 | 971201s1998 mdu b 001 0 eng | ||
| 010 | _a 97048810 | ||
| 020 | _a0847688402 (alk. paper) | ||
| 020 | _a0847688410 (pbk. : alk. paper) | ||
| 040 |
_aDLC _cDLC _dDLC |
||
| 043 | _af------ | ||
| 050 | 0 | 0 |
_aB5305 _b.I43 1998 |
| 082 | 0 | 0 |
_a199/.6 _221 |
| 100 | 1 |
_aImbo, Samuel Oluoch, _d1961- _94651 |
|
| 245 | 1 | 3 |
_aAn introduction to African philosophy / _cSamuel Oluoch Imbo. |
| 260 |
_aLanham, Md. : _bRowman & Littlefield, _cc1998. |
||
| 300 |
_axvii, 157 p. ; _c23 cm. |
||
| 504 | _aIncludes bibliographical references (p. [147]-153) and index. | ||
| 650 | 0 |
_aPhilosophy, African. _94652 |
|
| 906 |
_a7 _bcbc _corignew _d1 _eocip _f19 _gy-gencatlg |
||
| 942 |
_2lcc _cMONOGRAPH _03 |
||
| 999 |
_c118925 _d118925 |
||